[Event "POL-ch U15 Qual"]
[Site "Jastrzebia Gora"]
[Date "2021.11.20"]
[Round "8"]
[White "Jankowski, Franciszek"]
[Black "Bajer, Tomasz"]
[Result "0-1"]
[WhiteElo "1522"]
[BlackElo "1308"]
[PlyCount "58"]
[EventDate "2021.11.15"]
[EventType "swiss"]
[EventRounds "9"]
[EventCountry "POL"]
[SourceTitle "EXT 2023"]
[Source "ChessBase"]
[SourceDate "2022.10.05"]
[SourceVersion "1"]
[SourceVersionDate "2022.10.05"]
[SourceQuality "1"]

1. d4 Nf6 2. c4 g6 3. Nc3 Bg7 4. e4 0-0 5. f3 d6 6. Be3 e5 7. d5 a6 8. Qd2 Nbd7 9. 0-0-0 Nb6 10. Bd3 Bd7 11. Nge2 Na4 12. Rdg1 Nxc3 13. Nxc3 Qb8 14. Bh6 b5 15. h4 Qb6 16. h5 bxc4 17. Bxg7 Kxg7 18. Bc2 a5 19. g4 a4 20. Qg5 h6 21. Qd2 g5 22. a3 Rfb8 23. Bb1 Rb7 24. Rg2 Rab8 25. Rhh2 Qc5 26. Qe1 Qd4 27. Rd2 Qxc3+ 28. Kd1 Qxf3+ 29. Rde2 Rxb2 0-1

[Event "POL-ch U15 Qual"]
[Site "Jastrzebia Gora"]
[Date "2021.11.19"]
[Round "7"]
[White "Nowak, Filip"]
[Black "Bajer, Tomasz"]
[Result "1/2-1/2"]
[WhiteElo "1757"]
[BlackElo "1308"]
[PlyCount "69"]
[EventDate "2021.11.15"]
[EventType "swiss"]
[EventRounds "9"]
[EventCountry "POL"]
[SourceTitle "EXT 2023"]
[Source "ChessBase"]
[SourceDate "2022.10.05"]
[SourceVersion "1"]
[SourceVersionDate "2022.10.05"]
[SourceQuality "1"]

1. e4 c5 2. Nf3 Nc6 3. d4 cxd4 4. Nxd4 g6 5. c4 Bg7 6. Be3 Nf6 7. Nc3 0-0 8. Be2 d6 9. 0-0 Nxd4 10. Bxd4 Be6 11. Qd2 Nd7 12. Be3 Qa5 13. Rac1 Rfe8 14. b3 Qb4 15. Rfd1 Nc5 16. f3 a5 17. Nb5 Qxd2 18. Rxd2 Rec8 19. Rdc2 Kf8 20. Kf2 h5 21. g3 Ke8 22. Bf1 Kd7 23. Rb1 f5 24. Bg2 fxe4 25. fxe4 Rf8+ 26. Kg1 Be5 27. Rd2 b6 28. a3 a4 29. b4 Nb3 30. Rc2 Rfc8 31. Bf1 Rab8 32. Be2 Na1 33. Rcc1 Nb3 34. Rc2 Na1 35. Rcc1 1/2-1/2

[Event "Poronin Tatra Limba op-B"]
[Site "Poronin"]
[Date "2021.05.23"]
[Round "2.15"]
[White "Bajer, Tomasz"]
[Black "Ptaszynski, Szymon"]
[Result "0-1"]
[WhiteElo "1118"]
[BlackElo "1529"]
[PlyCount "74"]
[EventDate "2021.05.22"]
[EventType "swiss"]
[EventRounds "9"]
[EventCountry "POL"]
[SourceTitle "EXT 2022"]
[Source "ChessBase"]
[SourceDate "2021.10.06"]
[SourceVersion "1"]
[SourceVersionDate "2021.10.06"]
[SourceQuality "1"]

1. e4 c5 2. Nc3 Nc6 3. f4 d6 4. Nf3 g6 5. Bc4 Bg7 6. 0-0 e6 7. Qe1 Nge7 8. Kh1 a6 9. a3 Qc7 10. d3 b6 11. g4 Nd4 12. Nxd4 cxd4 13. f5 gxf5 14. gxf5 Be5 15. fxe6 Bxe6 16. Nd5 Bxd5 17. Bxd5 Nxd5 18. exd5 0-0-0 19. Qf2 f6 20. Bh6 Kb7 21. Rac1 Qf7 22. Qf3 Rhg8 23. Rg1 Rc8 24. Rg2 Rxg2 25. Qxg2 Qg6 26. Bd2 Qh5 27. h3 f5 28. c3 Rc7 29. Rg1 dxc3 30. bxc3 Bxc3 31. Bf4 Bd4 32. Rf1 Rg7 33. Qh2 Qf7 34. Qa2 Qh5 35. Qh2 Be5 36. Bxe5 dxe5 37. Rg1 Qf3+ 0-1